Výchova řídících hospodářských pracovníků v kapitalistických zemích

Na minha lista:
Detalhes bibliográficos
Autor principal: Mošna, Zdeněk
Outros Autores: Černý, S.
Formato: Livro
Idioma:tcheco
Publicado em: Praha Svoboda 1970
Tags: Adicionar Tag
Sem tags, seja o primeiro a adicionar uma tag!

MARC

LEADER 00000nam a2200000 4500
001 c121923
005 20230105083801.1
041 0 |a cze 
044 |a CZ 
245 1 0 |a Výchova řídících hospodářských pracovníků v kapitalistických zemích  |c Zdeněk Mošna, S. Černý 
264 1 |a Praha  |b Svoboda  |c 1970 
300 |a 195 s. 
100 1 |a Mošna, Zdeněk 
700 1 |a Černý, S.